00555nam a2200181 a 450000100060000000300080000600500170001400800410003103500190007204000350009104100080012608200280013410000290016224500760019126000530026730000270032065000260034765180BD-RjUL20211209081408.0190625s1955 pk a 00010 eng d a(BD-RjUL)65310 aBD-RjULbengdBD-RjULcBD-RjUL aeng 223a333.31549bRAA 19551 aRashdi, Pir Ali Muhammad14aAbolition of Jagirdari:ban explanation /cby Pir Ali Muhammad Rashdi, aKarachi:bGovt. Printing and Stationary,c[1955] a15 p. :bIll ;c24 cm. aLand reformzPakistan